Change mangement a guide to effective implmentation (Record no. 344938)
[ view plain ]
| 000 -LEADER | |
|---|---|
| fixed length control field | 00405 a2200169 4500 |
| 003 - CONTROL NUMBER IDENTIFIER | |
| control field | OSt |
| 005 - DATE AND TIME OF LATEST TRANSACTION | |
| control field | 20180116182728.0 |
| 008 - FIXED-LENGTH DATA ELEMENTS--GENERAL INFORMATION | |
| fixed length control field | 160426b xxu||||| |||| 00| 0 eng d |
| 020 ## - INTERNATIONAL STANDARD BOOK NUMBER | |
| International Standard Book Number | 8170369541 |
| 040 ## - CATALOGING SOURCE | |
| Transcribing agency | 0 |
| 100 ## - MAIN ENTRY--PERSONAL NAME | |
| Personal name | Robert A. Paton |
| 245 ## - TITLE STATEMENT | |
| Title | Change mangement a guide to effective implmentation |
| 250 ## - EDITION STATEMENT | |
| Edition statement | 2nd |
| 260 ## - PUBLICATION, DISTRIBUTION, ETC. | |
| Date of publication, distribution, etc. | 2000. |
| 300 ## - PHYSICAL DESCRIPTION | |
| Extent | 280 |
| 942 ## - ADDED ENTRY ELEMENTS (KOHA) | |
| Institution code [OBSOLETE] | NBS |
| Koha item type | Book |
| Call number prefix | 658.4063 PAT |
| Source of classification or shelving scheme | |
| Withdrawn status | Lost status | Damaged status | Not for loan | Permanent Location | Current Location | Date acquired | Total Checkouts | Full call number | Barcode | Date last seen | Date last checked out | Price effective from | Koha item type |
|---|---|---|---|---|---|---|---|---|---|---|---|---|---|
| Central Library (CL) | Central Library (CL) | 08/28/2013 | 3 | 658.4063 PAT | NBS6135 | 03/25/2024 | 12/08/2021 | 08/28/2013 | Book |
